| 000 | 00855nac a22002417a 4500 | ||
|---|---|---|---|
| 001 | BR7805644 | ||
| 003 | BR-BrBNA | ||
| 005 | 20240105114305.0 | ||
| 008 | 230509b bl.|||m| |||| 00| 0 por d | ||
| 040 |
_aBR-BrBNA _bpor _cBiblioteca Nacional de Agricultura |
||
| 072 | _aA00 | ||
| 090 | _aA00 BR7805644 | ||
| 110 | 1 |
_aEmpresa Brasileira de Assistencia Tecnica e Extensao Rural, Brasilia, DF; _93797 |
|
| 110 | 1 |
_aInstituto Brasileiro de Informacao em Ciencia e Tecnologia, Rio de Janeiro, RJ _95799 |
|
| 245 | 1 |
_aBibliografia brasileira de agricultura 1975-1977 _bDOC/TEC/78/032 |
|
| 260 | 3 |
_aBrasilia, DF (Brasil): _c1978. |
|
| 300 | _a915 p. | ||
| 490 |
_aBibliografia Brasileira de Agricultura (Brazil) _vv. 1 _x |
||
| 650 | _aAgricultura | ||
| 650 | _aBibliografia | ||
| 909 |
_a202312 _bLúcia Elande _c55 _dLúcia Elande |
||
| 942 |
_2AGRIS _n0 _cMS |
||
| 999 |
_c268493 _d268493 |
||